| 000 | 00667nam a2200229Ia 4500 | ||
|---|---|---|---|
| 003 | OSt | ||
| 005 | 20221006164405.0 | ||
| 006 | a|||||r|||| 00| 0 | ||
| 007 | ta | ||
| 008 | 221006b |||||||| |||| 00| 0 hin d | ||
| 024 | _a4,748 | ||
| 037 | _cTextual | ||
| 040 |
_aFML _cFML _bhin |
||
| 041 |
_2hin _ahin |
||
| 082 | _aNRV33y8, Q5 | ||
| 100 |
_aJohari Renu Au. _9677360 |
||
| 245 | 0 |
_aSansmaran _b Table Ke Jadugar Padmvibhushan Pt. Samta Prasad Ji Ki Smriti Main |
|
| 260 |
_aAllahabad _bAnubhav Publishing House India _c2015 |
||
| 300 |
_a444 _ccm. |
||
| 942 |
_hNRV33y8, Q5 _cTEXL _2CC |
||
| 999 |
_c1117096 _d1117096 |
||